Rhyming words (Record no. 126817)

MARC details
000 -LÍDER
campo de controle de tamanho fixo 00216 a2200109 4500
001 - NÚMERO DE CONTROLE
campo de controle 126817
040 ## - FONTE DA CATALOGAÇÃO
Instituição que transcreveu o registro Escola Canadense de Niteroi
090 ## - NÚMERO DE CHAMADA LOCAL
Número de chamada (OCLC) (R); Número de chamada, CALL (RLIN) (NR) MP
245 10 - TÍTULO
Título Rhyming words
490 0# - TÍTULO DA SÉRIE
Título da série Dr. Seuss
942 ## - ELEMENTOS DE ENTRADA ADICIONADOS (KOHA)
Tipo de material Koha Materiais pedagógicos
Holdings
Situação do descarte Situação das perdas Situação física Não pode ser emprestado Biblioteca de origem Biblioteca atual Data de aquisição Total de empréstimos Número de chamada completo Código de barras Data de último acesso Data do preço efetivo Tipo de material Koha
        Canadian School of Niterói - Piratininga Canadian School of Niterói - Piratininga 09/02/2024   MP A04905 09/02/2024 09/02/2024 Materiais pedagógicos